| 000 | 00471nam a22001457a 4500 | ||
|---|---|---|---|
| 003 | OSt | ||
| 005 | 20240530110421.0 | ||
| 008 | 150311s2009 ua af f 000 0 ger d | ||
| 040 |
_aEG-CaGPL _cEG-CaGPL |
||
| 082 | 0 | 4 |
_221 _a953.07393\ _bW S |
| 245 | 0 | 1 |
_asultan Al-nasir Saladin Al-Ayyubi : _bZwischen Kairo und Damaskus / _cherausgegeben von wafaa El-Saddik , mamoun fansa |
| 300 |
_a97 p. : _bill. ; _c22 cm. |
||
| 650 | 0 | _asultan Al-nasir Saladin Al-Ayyubi | |
| 942 |
_2ddc _cBK |
||
| 999 |
_c60647 _d60647 |
||